Študijný program Fakulty hospodárskej informatiky Ekonomickej univerzity v Bratislave akademický rok ...
| New Title: | Sprievodca štúdiom na Fakulte hospodárskej informatiky Ekonomickej univerzity v Bratislave |
|---|---|
| Previous Title: | Študijný program Fakulty hospodárskej informatiky VŠE v Bratislave |
| Corporate Author: | |
| Other Authors: | , |
| Format: | Serial |
| Language: | Slovak |
| PhysicalDescription: | 15 zv. tab. 21 cm |
| Published: |
V Bratislave
Rektorát Ekonomickej univerzity
1992-2006
Bratislava Vydavateľstvo Ekonóm |
| ISBN: | 8022515787 (brož. : r. 2002/2003) 8022517305 (brož. : r. 2003/2004) 8022518743 (brož. : r. 2004/2005) 8022520551 (brož. : r. 2005/2006) 8022522082 (brož. : r. 2006/2007) 8022504327 (brož. : r. 1992/1993) 8022505366 (brož. : r. 1993/1994) 8022506214 (brož. : r. 1994/1995) 802250789X (brož. : r. 1996/1997) 8022509000 (brož. : r. 1997/1998) 802251036X (brož. : r. 1998/1999) 8022511579 (brož. : r. 1999/2000) 8022512958 (brož. : r. 2000/2001) 8022514292 (brož. : r. 2001/2002) |
| Subjects: |
MARC
| LEADER | 00000cas a2200000 a 4500 | ||
|---|---|---|---|
| 001 | vtls001471505 | ||
| 003 | SK-MaSNL | ||
| 005 | 20260425194102.0 | ||
| 008 | 190208d19922006xo ar 0 0b0slo | ||
| 015 | |a SNBE1996/0201296 (r. 1993/1994) |a SNBE1996/0201289 (r. 1996/1997) |a SNBE1998/01-00197 (r. 1997/1998) |a SNBE1999/01-00521 (r. 1998/1999) |a SNBE2000/04-01521 (r. 1999/2000) |a SNBE2002/01-00339 (r. 2000/2001) |a SNBE2002/02-00810 (r. 2001/2002) |a SNBB2005/02-00570 (r. 2002/2003) | ||
| 020 | |a 8022515787 (brož. : r. 2002/2003) | ||
| 020 | |a 8022517305 (brož. : r. 2003/2004) | ||
| 020 | |a 8022518743 (brož. : r. 2004/2005) | ||
| 020 | |a 8022520551 (brož. : r. 2005/2006) | ||
| 020 | |a 8022522082 (brož. : r. 2006/2007) | ||
| 020 | |a 8022504327 (brož. : r. 1992/1993) | ||
| 020 | |a 8022505366 (brož. : r. 1993/1994) | ||
| 020 | |a 8022506214 (brož. : r. 1994/1995) | ||
| 020 | |a 802250789X (brož. : r. 1996/1997) | ||
| 020 | |a 8022509000 (brož. : r. 1997/1998) | ||
| 020 | |a 802251036X (brož. : r. 1998/1999) | ||
| 020 | |a 8022511579 (brož. : r. 1999/2000) | ||
| 020 | |a 8022512958 (brož. : r. 2000/2001) | ||
| 020 | |a 8022514292 (brož. : r. 2001/2002) | ||
| 035 | |a SNK000426808 | ||
| 040 | |a SNK |b slo |c SNK |e AACR2 | ||
| 041 | 0 | |a slo | |
| 043 | |a e-xo--- | ||
| 044 | |a xo |c SK | ||
| 072 | 7 | |a 378 |x Vysoké školy |2 konspekt | |
| 080 | |a (437.611) |2 2011 | ||
| 080 | |a 050 |2 2011 | ||
| 080 | |a 378.6:33 |2 2001 | ||
| 080 | |a 007+004 |2 2011 | ||
| 080 | |a 33 |2 2011 | ||
| 080 | |a 37.091.3 |2 2011 | ||
| 080 | |a (036) |2 2011 | ||
| 080 | |a (073) |2 2011 | ||
| 080 | |a (058) |2 2011 | ||
| 110 | 2 | |a Ekonomická univerzita v Bratislave. |b Fakulta hospodárskej informatiky |9 177163 | |
| 245 | 1 | 0 | |a Študijný program Fakulty hospodárskej informatiky Ekonomickej univerzity v Bratislave |b akademický rok ... |
| 246 | 1 | 3 | |a Študijné programy Fakulty hospodárskej informatiky ... |f 2005/2006-2006/2007 |
| 246 | 1 | 3 | |a Študijný program Fakulty hospodárskej informatiky ... |
| 260 | |a V Bratislave |b Rektorát Ekonomickej univerzity |c 1992-2006 | ||
| 260 | 3 | |3 -2006 |a Bratislava |b Vydavateľstvo Ekonóm | |
| 300 | |a 15 zv. |b tab. |c 21 cm | ||
| 310 | |a 1x ročne | ||
| 362 | 0 | |a 1992/1993-2006/2007 | |
| 500 | |a Názov z obalu | ||
| 500 | |a Súčasťou názvu je označenie akademického roku | ||
| 500 | |a Zost.: ?-2006, Ivan Brezina ; ?-2006, Elena Kordošová | ||
| 650 | 0 | 7 | |a vysoké školy ekonomické |2 SNKPH |9 67405 |
| 650 | 0 | 7 | |a ekonómia |2 SNKPH |9 788 |
| 650 | 0 | 7 | |a štúdium a výučba |2 SNKPH |9 3982 |
| 650 | 0 | 7 | |a informatika |2 SNKPH |9 1124 |
| 650 | 0 | 7 | |a Universities of economics |2 SNKPHeng |9 267333 |
| 650 | 0 | 7 | |a Economics |2 SNKPHeng |9 265310 |
| 650 | 0 | 7 | |a Informatics |2 SNKPHeng |9 267334 |
| 650 | 0 | 7 | |a Study and teaching |2 SNKPHeng |9 265408 |
| 651 | 7 | |a Bratislava (Slovensko) |2 SNKPHgeo |9 14568 | |
| 651 | 7 | |a Bratislava (Slovakia) |2 SNKPHeng |9 171234 | |
| 655 | 7 | |a študijné programy |2 SNKPH |9 265409 | |
| 655 | 7 | |a informačné publikácie |2 SNKPH |9 70181 | |
| 655 | 7 | |a ročenky |2 SNKPH |9 57146 | |
| 655 | 7 | |a Study programs |2 SNKPHeng |9 265536 | |
| 655 | 7 | |a Information publications |2 SNKPHeng |9 265188 | |
| 655 | 7 | |a Yearbooks |2 SNKPHeng |9 120938 | |
| 700 | 1 | |a Brezina, Ivan, |d 1963- |4 com |9 133633 | |
| 700 | 1 | |a Kordošová, Elena |4 com |9 44913 | |
| 752 | |a Slovensko |d Bratislava | ||
| 780 | 0 | 0 | |t Študijný program Fakulty hospodárskej informatiky VŠE v Bratislave |w vtls008189058 |
| 785 | 0 | 0 | |t Sprievodca štúdiom na Fakulte hospodárskej informatiky Ekonomickej univerzity v Bratislave |w vtls011840171 |
| 910 | |a snk | ||
| 919 | |a 80-225-1578-7 | ||
| 919 | |a 80-225-1730-5 | ||
| 919 | |a 80-225-1874-3 | ||
| 919 | |a 80-225-2055-1 | ||
| 919 | |a 80-225-2208-2 | ||
| 919 | |a 80-225-0432-7 | ||
| 919 | |a 80-225-0536-6 | ||
| 919 | |a 80-225-0621-4 | ||
| 919 | |a 80-225-0789-X | ||
| 919 | |a 80-225-0900-0 | ||
| 919 | |a 80-225-1036-X | ||
| 919 | |a 80-225-1157-9 | ||
| 919 | |a 80-225-1295-8 | ||
| 919 | |a 80-225-1429-2 | ||
| 999 | |c 3602 |d 5532 | ||
| 952 | |a SNK |b SNK |y PREZ |7 0 |p 17A0477711 |o snkČSD 781/B/2005-2006 |i snk2005/20754 |8 0 |z Vydané v r. 2005 |0 0 |1 0 |4 0 |d 2005-12-06 |l 0 |r 2026-02-21 19:29:58 |w 2026-02-21 | ||
| 952 | |a SNK |b SNK |y PREZ |7 0 |p 17A0477712 |o snkČSD 781/B/2005-2006 D1 |i snk2005/20755 |8 0 |0 0 |1 0 |4 0 |d 2005-12-06 |l 0 |r 2026-02-21 19:29:58 |w 2026-02-21 | ||
| 952 | |a SNK |b SNK |y PREZ |7 0 |p 17A0431803 |o snkČSD 781/B/2004-2005 D1 |i snkPV 1450/2004 |0 0 |1 0 |4 0 |d 2004-10-25 |l 0 |r 2005-01-02 00:00:00 |w 2026-02-21 | ||
| 952 | |a SNK |b SNK |y PREZ |7 0 |p 17A0416081 |o snkČSD 781/B/2002-2003 |i snkPV 198/2004 |0 0 |1 0 |4 0 |d 2004-03-22 |l 0 |r 2005-01-02 00:00:00 |w 2026-02-21 | ||
| 952 | |a SNK |b SNK |y PREZ |7 0 |p 17A0416082 |o snkČSD 781/B/2002-2003 D1 |i snkPV 199/2004 |0 0 |1 0 |4 0 |d 2004-03-22 |l 0 |r 2005-01-02 00:00:00 |w 2026-02-21 | ||
| 952 | |a SNK |b SNK |y PREZ |7 0 |p 17A0431675 |o snkČSD 781/B/2003-2004 |i snkPV 1326/2004 |0 0 |1 0 |4 0 |d 2004-09-24 |l 0 |r 2005-01-02 00:00:00 |w 2026-02-21 | ||
| 952 | |a SNK |b SNK |y PREZ |7 0 |p 17A0431676 |o snkČSD 781/B/2003-2004 D1 |i snkPV 1327/2004 |0 0 |1 0 |4 0 |d 2004-09-24 |l 0 |r 2005-01-02 00:00:00 |w 2026-02-21 | ||
| 952 | |a SNK |b SNK |y NEVYP |7 1 |p 17A0431802 |o snkČSD 781/B/2004-2005 |i snkPV 1449/2004 |z Vydané v r. 2004 |0 0 |1 0 |4 0 |d 2004-10-25 |l 0 |r 2005-01-02 00:00:00 |w 2026-02-21 | ||
| 952 | |a SNK |b SNK |y PREZ |7 0 |p 17A0502830 |o snkČSD 781/B/2006-2007 |i snk2006/19981 |8 0 |z Vydané v r. 2006 |0 0 |1 0 |4 0 |d 2006-10-05 |l 0 |r 2026-02-21 20:18:21 |w 2026-02-21 | ||
| 952 | |a SNK |b SNK |y PREZ |7 0 |p 17A0502831 |o snkČSD 781/B/2006-2007 D1 |i snk2006/19982 |8 0 |0 0 |1 0 |4 0 |d 2006-10-05 |l 0 |r 2026-02-21 20:18:21 |w 2026-02-21 | ||
| 952 | |a SNK |b SNK |y PREZ |7 0 |p 17A0257360 |o snkČSD 781/B/1999-2000 |i snkKSP 8774/2000 |0 0 |1 0 |4 0 |d 2000-08-25 |l 0 |r 2005-01-02 00:00:00 |w 2026-02-21 | ||
| 952 | |a SNK |b SNK |y PREZ |7 0 |p 17A0249353 |o snkČSD 781/B/1999-2000 D1 |i snkKSP 8775/2000 |0 0 |1 0 |4 0 |d 2000-08-25 |l 0 |r 2005-01-02 00:00:00 |w 2026-02-21 | ||
| 952 | |t R. 1997/1998 |a SNK |b SNK |y NEVYP |7 0 |o snkD 23 |i snk204/980210 |0 0 |1 0 |4 0 |d 1998-02-09 |l 0 |r 2005-01-02 00:00:00 |w 2026-02-21 | ||
| 952 | |a SNK |b SNK |y PREZ |7 0 |p 17A0122209 |o snkČSD 781/B/1997-1998 |i snkKSP 1272/98 |0 0 |1 0 |4 0 |d 1998-02-09 |l 0 |r 2005-01-02 00:00:00 |w 2026-02-21 | ||
| 952 | |a SNK |b SNK |y PREZ |7 0 |p 17A0122210 |o snkČSD 781/B/1997-1998 D1 |i snkKSP 1273/98 |0 0 |1 0 |4 0 |d 1998-02-09 |l 0 |r 2005-01-02 00:00:00 |w 2026-02-21 | ||
| 952 | |a SNK |b SNK |y PREZ |7 0 |p 17A0295949 |o snkČSD 781/B/2000-2001 |i snkKSP 5464/2001 |0 0 |1 0 |4 0 |d 2001-04-20 |l 0 |r 2005-01-02 00:00:00 |w 2026-02-21 | ||
| 952 | |a SNK |b SNK |y PREZ |7 0 |p 17A0295950 |o snkČSD 781/B/2000-2001 D1 |i snkKSP 5465/2001 |0 0 |1 0 |4 0 |d 2001-04-20 |l 0 |r 2005-01-02 00:00:00 |w 2026-02-21 | ||
| 952 | |a SNK |b SNK |y PREZ |7 0 |p 17A0080878 |o snkČSD 781/B/1993-1994 |i snkD 1161/96 |8 1 |0 0 |1 0 |4 0 |d 1996-11-05 |l 0 |r 2005-01-01 00:00:00 |w 2026-02-21 | ||
| 952 | |a SNK |b SNK |y PREZ |7 0 |p 17A0016764 |o snkČSD 781/B/1993-1994 D1 |i snkD 1162/96 |8 1 |0 0 |1 0 |4 0 |d 1996-11-05 |l 0 |r 2005-01-01 00:00:00 |w 2026-02-21 | ||
| 952 | |t R. 1996/1997 |a SNK |b SNK |y NEVYP |7 0 |o snkC 3132 |i snk4112/961122 |0 0 |1 0 |4 0 |d 1996-11-20 |l 0 |r 2005-01-01 00:00:00 |w 2026-02-21 | ||
| 952 | |a SNK |b SNK |y PREZ |7 0 |p 17A0080871 |o snkČSD 781/B/1996-1997 |i snkKSP 10048/96 |0 0 |1 0 |4 0 |d 1996-11-20 |l 0 |r 2005-01-01 00:00:00 |w 2026-02-21 | ||
| 952 | |a SNK |b SNK |y PREZ |7 0 |p 17A0022295 |o snkČSD 781/B/1996-1997 D1 |i snkKSP 10049/96 |0 0 |1 0 |4 0 |d 1996-11-20 |l 0 |r 2005-01-01 00:00:00 |w 2026-02-21 | ||
| 952 | |a SNK |b SNK |y PREZ |7 0 |p 17A0334864 |o snkČSD 781/B/2001-2002 |i snkKSP 2435/2002 |0 0 |1 0 |4 0 |d 2002-02-27 |l 0 |r 2005-01-02 00:00:00 |w 2026-02-21 | ||
| 952 | |a SNK |b SNK |y PREZ |7 0 |p 17A0334865 |o snkČSD 781/B/2001-2002 D1 |i snkKSP 2436/2002 |0 0 |1 0 |4 0 |d 2002-02-27 |l 0 |r 2005-01-02 00:00:00 |w 2026-02-21 | ||
| 952 | |a SNK |b SNK |y PREZ |7 0 |p 17A0220781 |o snkČSD 781/B/1998-1999 |i snkKSP 2521/99 |0 0 |1 0 |4 0 |d 1999-03-10 |l 0 |r 2005-01-02 00:00:00 |w 2026-02-21 | ||
| 952 | |a SNK |b SNK |y PREZ |7 0 |p 17A0183775 |o snkČSD 781/B/1998-1999 D1 |i snkKSP 2522/99 |0 0 |1 0 |4 0 |d 1999-03-10 |l 0 |r 2005-01-02 00:00:00 |w 2026-02-21 | ||
| 952 | |a SNK |b SNK |y PREZ |7 0 |p 17A0828967 |o snkČSD 781/B/1994-1995 |i snkKSP 9402/94 |0 0 |1 0 |4 0 |d 2019-02-08 |l 0 |r 2026-02-21 22:17:51 |w 2026-02-21 | ||
| 952 | |a SNK |b SNK |y PREZ |7 0 |p 17A0828960 |o snkČSD 781/B/1992-1993 |i snkKSP 1175/93 |0 0 |1 0 |4 0 |d 2019-02-08 |l 0 |r 2026-02-21 22:18:03 |w 2026-02-21 | ||


